Digital marketing: Science and magic of digital marketing can help you become a successful marketing professional (Record no. 396947)
[ view plain ]
| 000 -LEADER | |
|---|---|
| fixed length control field | 00637 a2200217 4500 |
| 005 - DATE & TIME | |
| control field | 20260406113216.0 |
| 008 - FIXED-LENGTH DATA ELEMENTS--GENERAL INFORMATION | |
| fixed length control field | 260403b |||||||| |||| 00| 0 eng d |
| 020 ## - ISBN | |
| International Standard Book Number | 9789355511522 |
| Price | Rs, 699.00 |
| 040 ## - CATALOGING SOURCE | |
| Original cataloging agency | VIVEKANANDA LIBRARY |
| 082 ## - DDC NUMBER | |
| Classification number | 658.872 |
| Book Number | G959D(2) |
| 100 ## - MAIN ENTRY--PERSONAL NAME | |
| Personal name | Gupta, Rajan |
| 245 ## - TITLE STATEMENT | |
| Title | Digital marketing: Science and magic of digital marketing can help you become a successful marketing professional |
| 250 ## - EDITION STATEMENT | |
| Edition statement | 2nd |
| 260 ## - PUBLICATION, DISTRIBUTION, ETC. (IMPRINT) | |
| Name of publisher, distributor, etc | BPB Publications |
| Place of publication, distribution, etc | New Delhi |
| Date of publication, distribution, etc | 2026 |
| 300 ## - PHYSICAL DESCRIPTION | |
| Pages | xxiv, 358 |
| 650 ## - Subject | |
| Subject | Management |
| 650 ## - Subject | |
| Subject | Marketing |
| 650 ## - Subject | |
| Subject | Internet- Online Marketing |
| 700 ## - Added Entry Personal Name | |
| Added Entry Personal Name | Madan, Supriya |
| 942 ## - ADDED ENTRY ELEMENTS (KOHA) | |
| Koha item type | Books |
| Withdrawn status | Lost status | Source of classification or shelving scheme | Damaged status | Not for loan | Location (home branch) | Sublocation or collection (holding branch) | Shelving location | Date acquired | Koha issues (times borrowed) | Koha full call number | Accession No. | Koha date last seen | Koha item type |
|---|---|---|---|---|---|---|---|---|---|---|---|---|---|
| Dewey Decimal Classification | VIVEKANANDA LIBRARY | VIVEKANANDA LIBRARY | IMSAR Library | 18/03/2026 | 658.872 G959D(2) | 420947 | 18/03/2026 | Books | |||||
| Dewey Decimal Classification | VIVEKANANDA LIBRARY | VIVEKANANDA LIBRARY | IMSAR Library | 18/03/2026 | 658.872 G959D(2) | 420949 | 18/03/2026 | Books | |||||
| Dewey Decimal Classification | VIVEKANANDA LIBRARY | VIVEKANANDA LIBRARY | IMSAR Library | 18/03/2026 | 658.872 G959D(2) | 420948 | 18/03/2026 | Books |
